Seizure / (Record no. 833)

MARC details
000 -LEADER
fixed length control field 00749nam a22003138a 4500
003 - CONTROL NUMBER IDENTIFIER
control field data
005 - DATE AND TIME OF LATEST TRANSACTION
control field 20260322212036.0
008 - FIXED-LENGTH DATA ELEMENTS--GENERAL INFORMATION
fixed length control field data
010 ## - LIBRARY OF CONGRESS CONTROL NUMBER
LC control number 2003043225
020 ## - INTERNATIONAL STANDARD BOOK NUMBER
International Standard Book Number 0399148760
020 ## - INTERNATIONAL STANDARD BOOK NUMBER
International Standard Book Number 9780399148767
040 ## - CATALOGING SOURCE
Original cataloging agency DLC
Transcribing agency DLC
043 ## - GEOGRAPHIC AREA CODE
Geographic area code n-us-ma
049 ## - LOCAL HOLDINGS (OCLC)
Holding library DPLA
Notes about holdings BookMARC
050 00 - LIBRARY OF CONGRESS CALL NUMBER
Classification number PS3553.O5545
Item number S45 2003
082 00 - DEWEY DECIMAL CLASSIFICATION NUMBER
Classification number 813/.54
Edition information 21
099 ## - LOCAL FREE-TEXT CALL NUMBER (OCLC)
Classification number COOKR
001 - CONTROL NUMBER
control field data
100 1# - MAIN ENTRY--PERSONAL NAME
Personal name Cook, Robin,
Dates associated with a name 1940-
245 10 - TITLE STATEMENT
Title Seizure /
Statement of responsibility, etc. Robin Cook.
260 ## - PUBLICATION, DISTRIBUTION, ETC.
Place of publication, distribution, etc. New York :
Name of publisher, distributor, etc. Putnam
Date of publication, distribution, etc. 2003.
263 ## - PROJECTED PUBLICATION DATE
Projected publication date 0307
300 ## - PHYSICAL DESCRIPTION
Extent p. cm.
650 #0 - SUBJECT ADDED ENTRY--TOPICAL TERM
Topical term or geographic name entry element Physicians
Form subdivision Fiction.
651 #0 - SUBJECT ADDED ENTRY--GEOGRAPHIC NAME
Geographic name Cambridge (Mass.)
Form subdivision Fiction.
655 #7 - INDEX TERM--GENRE/FORM
Genre/form data or focus term Suspense fiction.
Source of term gsafd
655 #7 - INDEX TERM--GENRE/FORM
Genre/form data or focus term Political fiction.
Source of term lcsh
655 #7 - INDEX TERM--GENRE/FORM
Genre/form data or focus term Medical novels.
Source of term gsafd
Holdings
Withdrawn status Lost status Damaged status Not for loan Home library Current library Shelving location Date acquired Total checkouts Full call number Barcode Date last seen Price effective from Koha item type
        Pleasant Valley Pleasant Valley General stacks 22/03/2026   813/.54 21 BC0010857 22/03/2026 22/03/2026 Books